Ca2+-t akkumuláló aktív axonvégződések az area postremában és az area subpostremában intravénás sóterhelés után [Ca+-accumulating active axon terminals in the area postrema and subpostrema after intravenous sodium loading]

Elmentve itt :
Bibliográfiai részletek
Szerzők: Karcsú Sarolta
Tóth Lajos
Jancsó Gábor
Feledi József
László Ferenc
Dokumentumtípus: Cikk
Megjelent: 1987
Sorozat:MORPHOLÓGIAI ÉS IGAZSÁGÜGYI ORVOSI SZEMLE 27 No. 3
Tárgyszavak:
mtmt:1339566
Online Access:http://publicatio.bibl.u-szeged.hu/32993
LEADER 00992nab a2200241 i 4500
001 publ32993
005 20250430101803.0
008 250430s1987 hu o 000 hun d
022 |a 0540-889X 
024 7 |a 1339566  |2 mtmt 
040 |a SZTE Publicatio Repozitórium  |b hun 
041 |a hun 
100 1 |a Karcsú Sarolta 
245 1 0 |a Ca2+-t akkumuláló aktív axonvégződések az area postremában és az area subpostremában intravénás sóterhelés után [Ca+-accumulating active axon terminals in the area postrema and subpostrema after intravenous sodium loading]  |h [elektronikus dokumentum] /  |c  Karcsú Sarolta 
260 |c 1987 
300 |a 158-166 
490 0 |a MORPHOLÓGIAI ÉS IGAZSÁGÜGYI ORVOSI SZEMLE  |v 27 No. 3 
650 4 |a Általános orvostudomány 
700 0 1 |a Tóth Lajos  |e aut 
700 0 1 |a Jancsó Gábor  |e aut 
700 0 1 |a Feledi József  |e aut 
700 0 1 |a László Ferenc  |e aut 
856 4 0 |u http://publicatio.bibl.u-szeged.hu/32993/1/aok_klny_538_87.pdf  |z Dokumentum-elérés